| 000 | 00718nam a22002297a 4500 | ||
|---|---|---|---|
| 005 | 20230825122217.0 | ||
| 008 | 230825b ||||| |||| 00| 0 eng d | ||
| 020 | _a9789387956568 | ||
| 040 |
_aIN-DiNC _cIN-DiNC |
||
| 041 | _deng | ||
| 082 |
_a370 _bDEK |
||
| 100 |
_aDeka, Nabanita _eauthor |
||
| 245 |
_aIntroduction to higher secondary education (for second year)/ _cby Nabanita Deka, Phunu Das and Parthana Bhagabati |
||
| 250 | _a2nd ed. | ||
| 260 |
_aDibrugarh: _bBanalata, _c2022. |
||
| 300 | _a314p. | ||
| 650 | _aSecondary education in India and Assam | ||
| 650 | _aHigher secondary second year education | ||
| 700 |
_aDas, Phunu _eauthor |
||
| 700 |
_aBhagabati, Parthana _eauthor |
||
| 942 |
_2ddc _cBK |
||
| 999 |
_c11598 _d11598 |
||